000
00324nas a2200145 a 4500
001
69462
003
143334
005
20201118110647.0
008
||||||n9999 ||| || ||
245
0
_a
Cooperacion Sur - Cooperacion Sur
260
_c
1991.
562
_e
0
773
_0
69456
_a
Cooperacion Sur
942
_c
SISS
999
_c
69462
_d
69462